Probhodacandradaya / (Record no. 1094119)

MARC details
000 -LEADER
fixed length control field 00753nam a2200265 a 4500
001 - CONTROL NUMBER
control field vtls001647579
003 - CONTROL NUMBER IDENTIFIER
control field NLI
005 - DATE AND TIME OF LATEST TRANSACTION
control field 20210628141513.0
008 - FIXED-LENGTH DATA ELEMENTS--GENERAL INFORMATION
fixed length control field 130205n ii 000 d kan
039 #9 - LEVEL OF BIBLIOGRAPHIC CONTROL AND CODING DETAIL [OBSOLETE]
-- 201302051759
-- VLOAD
040 0# - CATALOGING SOURCE
Original cataloging agency NLI
Language of cataloging kan
Transcribing agency Entertech - Kannada
Description conventions AACR2
041 0# - LANGUAGE CODE
Language code of text/sound track or separate title kan
044 ## - COUNTRY OF PUBLISHING/PRODUCING ENTITY CODE
MARC country code ii
082 04 - DEWEY DECIMAL CLASSIFICATION NUMBER
Classification number 891.22
100 1# - MAIN ENTRY--PERSONAL NAME
Personal name Srmivasarangacarya, M. K
9 (RLIN) 1089181
245 10 - TITLE STATEMENT
Title Probhodacandradaya /
Statement of responsibility, etc. M. K Srmivasarangacarya
260 ## - PUBLICATION, DISTRIBUTION, ETC.
Place of publication, distribution, etc. [S.l. :
Name of publisher, distributor, etc. s.n.,
Date of publication, distribution, etc. n.d.]
650 #0 - SUBJECT ADDED ENTRY--TOPICAL TERM
Topical term or geographic name entry element Sanskrit drama
Chronological subdivision 20th century
650 #0 - SUBJECT ADDED ENTRY--TOPICAL TERM
Topical term or geographic name entry element Sanskrit drama
General subdivision Translations into Kannada
9 (RLIN) 1086022
887 ## - NON-MARC INFORMATION FIELD
Content of non-MARC field
901 ## - LOCAL DATA ELEMENT A, LDA (RLIN)
a KAN526
902 ## - LOCAL DATA ELEMENT B, LDB (RLIN)
a Kan 891.22 Sr 356
949 ## - LOCAL PROCESSING INFORMATION (OCLC)
-- VIRTUAITEM
-- 10000
-- 100
6 DBA000000526KAN
942 ## - ADDED ENTRY ELEMENTS (KOHA)
Source of classification or shelving scheme Dewey Decimal Classification
Koha item type Books
Holdings
Withdrawn status Lost status Damaged status Not for loan Collection code Home library Current library Shelving location Date acquired Total Checkouts Full call number Barcode Date last seen Price effective from Koha item type
        Kannada National Library of India National Library of India       Kan 891.22 Sr 356 DBA000000526KAN 28/06/2021 28/06/2021 Books
                                                                           
web counter

Copyright ©2020 The National Library of India, Govt. of India ↔ Hosted by NVLI, MOC ↔ Technology and Design by National Library of India, Ministry of Culture, Govt. of India